[Event "Hohenloher op 10th"]
[Site "Forchtenberg"]
[Date "2003.06.20"]
[Round "3"]
[White "Braun, Ruediger Thomas"]
[Black "Spahn, Holger"]
[Result "1/2-1/2"]
[WhiteElo "2176"]
[BlackElo "1866"]
[PlyCount "83"]
[EventDate "2003.06.19"]
[EventType "swiss"]
[EventRounds "7"]
[EventCountry "GER"]
[SourceTitle "EXT 2004"]
[Source "ChessBase"]
[SourceDate "2003.11.25"]
[SourceVersion "1"]
[SourceVersionDate "2003.11.25"]
[SourceQuality "1"]

1. e4 c5 2. d4 cxd4 3. c3 d3 4. c4 Nc6 5. Bxd3 g6 6. Nf3 Bg7 7. 0-0 d6 8. h3 Nf6 9. Nc3 0-0 10. Be3 b6 11. Rc1 Bb7 12. Qe2 Nd7 13. Rfd1 Rc8 14. Bb1 Qc7 15. Nd5 Qb8 16. Nd4 Rfe8 17. Qg4 Nde5 18. Qh4 Bf8 19. Ne2 Nd8 20. b3 Bxd5 21. exd5 e6 22. dxe6 Nxe6 23. Nf4 Nxf4 24. Bxf4 Re6 25. Rd5 Rce8 26. Rcd1 Qb7 27. Bg5 Be7 28. f4 Bxg5 29. Qxg5 f6 30. Qg3 Nf7 31. Rh5 Re3 32. Qh4 Re2 33. Rhd5 Qe7 34. Bd3 Rxa2 35. Qg4 Kg7 36. h4 Nh6 37. Qg3 Qe3+ 38. Qxe3 Rxe3 39. Rxd6 Ng4 40. h5 Re7 41. hxg6 hxg6 42. b4 1/2-1/2

[Event "Hohenloher op 10th"]
[Site "Forchtenberg"]
[Date "2003.06.20"]
[Round "4"]
[White "Esterluss, Johannes"]
[Black "Spahn, Holger"]
[Result "1-0"]
[WhiteElo "2158"]
[BlackElo "1866"]
[PlyCount "89"]
[EventDate "2003.06.19"]
[EventType "swiss"]
[EventRounds "7"]
[EventCountry "GER"]
[SourceTitle "EXT 2004"]
[Source "ChessBase"]
[SourceDate "2003.11.25"]
[SourceVersion "1"]
[SourceVersionDate "2003.11.25"]
[SourceQuality "1"]

1. Nf3 c5 2. b3 Nf6 3. Bb2 e6 4. g3 Be7 5. Bg2 Nc6 6. 0-0 0-0 7. d3 d6 8. e4 Qc7 9. Nbd2 b6 10. Re1 Bb7 11. a4 a6 12. Nf1 Rad8 13. Qe2 Nd7 14. Ne3 Rfe8 15. h4 Bf8 16. Ng5 Nd4 17. Qd1 h6 18. Nh3 Nf6 19. c3 Nc6 20. f4 g6 21. Bf3 Bg7 22. Rc1 Qd7 23. Nf2 d5 24. e5 Nh7 25. d4 cxd4 26. cxd4 Rc8 27. Kg2 f5 28. exf6 Bxf6 29. Neg4 Bg7 30. Qd3 Qf7 31. Ne5 Nxe5 32. fxe5 Bf8 33. Rf1 Bb4 34. Bg4 Qg7 35. Nh3 h5 36. Be2 Nf8 37. Ng5 Be7 38. Rxc8 Rxc8 39. Rf7 Qxf7 40. Nxf7 Kxf7 41. Qf3+ Kg7 42. Bd3 a5 43. g4 Nd7 44. gxh5 Bxh4 45. Qg4 1-0

[Event "Hohenloher op 10th"]
[Site "Forchtenberg"]
[Date "2003.06.19"]
[Round "1"]
[White "Reich, Thomas"]
[Black "Spahn, Holger"]
[Result "1-0"]
[WhiteElo "2394"]
[BlackElo "1866"]
[PlyCount "75"]
[EventDate "2003.06.19"]
[EventType "swiss"]
[EventRounds "7"]
[EventCountry "GER"]
[SourceTitle "EXT 2004"]
[Source "ChessBase"]
[SourceDate "2003.11.25"]
[SourceVersion "1"]
[SourceVersionDate "2003.11.25"]
[SourceQuality "1"]

1. d4 Nf6 2. c4 e6 3. Nf3 Bb4+ 4. Nbd2 a5 5. g3 0-0 6. Bg2 Bxd2+ 7. Qxd2 d6 8. Qc2 Qe7 9. 0-0 Nc6 10. e4 e5 11. d5 Nb8 12. Ne1 Na6 13. Nd3 Nd7 14. f4 Nac5 15. Nxc5 Nxc5 16. f5 f6 17. b3 Bd7 18. Be3 b6 19. g4 Nb7 20. Rf3 Nd8 21. Rg3 Nf7 22. Bf1 Rab8 23. Qd2 c5 24. h4 h6 25. a4 Rb7 26. Be2 Be8 27. Kf2 Nh8 28. Rag1 Kh7 29. Bf3 Rc7 30. Ke2 Ra7 31. Kd3 Rc7 32. g5 h5 33. g6+ Kg8 34. Bxh5 Ra7 35. Bd1 Bd7 36. Qe2 Bxf5 37. exf5 e4+ 38. Kc2 1-0